Guyton and Hall Textbook of Medical Physiology (Record no. 1681)

MARC details
000 -LEADER
Fixed length control field 00803nam a2200265 a 4500
003 - CONTROL NUMBER IDENTIFIER
Control field IIN
005 - DATE AND TIME OF LATEST TRANSACTION
Control field 20250324125734.0
008 - FIXED-LENGTH DATA ELEMENTS--GENERAL INFORMATION
Fixed length control field 250324s9999 xx ado 001 0 eng d
020 ## - INTERNATIONAL STANDARD BOOK NUMBER / ISBN
Price Rs.1519.00
International Standard Book Number 9788131269671
020 ## - INTERNATIONAL STANDARD BOOK NUMBER / ISBN
International Standard Book Number 9788131269688 (eISBN)
040 ## - CATALOGING SOURCE
Original cataloging agency IIN
Language of cataloging Eng
082 ## - DEWEY DECIMAL CLASSIFICATION NUMBER
Classification number 612
Book Number HAL
100 1# - MAIN ENTRY--PERSONAL NAME
Personal name Hall, John E.
245 1# - TITLE STATEMENT
Title Guyton and Hall Textbook of Medical Physiology
Statement of responsibility John E. Hall and Michael E. Hall/ edited by Mario Vaz, Anura Kurpad & Tony Raj
250 ## - EDITION STATEMENT
Edition statement 4rth S.A. ed.
260 ## - IMPRINT
Name of publisher Elsevier
Place of publication New Delhi
Date of publication 2024
300 ## - PHYSICAL DESCRIPTION
Page / Vol. No xxxiii, 1146 p.
Other physical details col. ill.
500 ## - GENERAL NOTE
General note Includes Index
650 1# - SUBJECT ADDED ENTRY--TOPICAL TERM
Topical term Physiology
Form subdivision Medical
700 1# - ADDED ENTRY--PERSONAL NAME
Personal name Hall, Michael E.
700 1# - ADDED ENTRY--PERSONAL NAME
Personal name Vaz, Mario (ed.)
700 1# - ADDED ENTRY--PERSONAL NAME
Personal name Kurpad, Anura (ed.)
700 1# - ADDED ENTRY--PERSONAL NAME
Personal name Raj, Tony (ed.)
942 ## - ADDED ENTRY ELEMENTS (KOHA)
Koha item type Books
Holdings
Withdrawn status Lost status Source of classification Damaged status Not for loan Collection code Home library Current library Shelving location Date acquired Price Total Checkouts Call number Accession number Date last seen Price effective from Koha item type
    Dewey Decimal Classification     Purches Book IDEAL INSTITUTE OF NURSING IDEAL INSTITUTE OF NURSING General Stacks 11/03/2025 1519.00   612 HAL 1786 24/03/2025 24/03/2025 Books
© Ideal Institute Of Nursing, All rights reserved.         Powered by Koha